00272 a2200121 450000100060000002000150000608200120002110000200003324500290005326000370008230000140011950000170013392147 a9698866000 a297 KHA aZafarullah Khan aKisi Aur Zamane Ka Khwab aIslamabadbAimal Matboohatc2004 axx, 149p. aGeneral Book